000 01051pam a2200289 a 4500
999 _c4856
_d4856
003 ALUPE UNIVERSITY
005 20220330062730.0
008 910604s1992 paua bf 001 0 eng c
020 _a0874343658 :
040 _cALUPE UNIVERSITY
050 0 0 _aRM147
_b.P46 1992
060 _aQV 17 P575
245 0 0 _aPhotoguide to drug administration.
260 _aSpringhouse, Pa. :
_bSpringhouse Corporation,
_cc1992.
300 _axiii, 194 p. :
_bill. ;
_c27 cm.
504 _aIncludes bibliographical references (p. 191) and index.
650 0 _aDrugs
_xAdministration
_xHandbooks, manuals, etc.
650 0 _aNursing
_xHandbooks, manuals, etc.
650 2 _aDrug Administration Routes
_xatlases.
650 2 _aDrug Administration Routes
_xnureses' instruction.
650 2 _aDrugs
_xadministration & dosage
_xatlases.
650 2 _aDrugs
_xadministration & dosage
_xnurses' instruction.
710 2 _aSpringhouse Corporation.
906 _a7
_bcbc
_corignew
_d1
_eocip
_f19
_gy-gencatlg
942 _2lcc
_cBK